College Football Cities: BIG TEN - Statistics

General Stats
  • This quiz has been taken 99 times
    89 since last reset
  • The average score is 13 of 18
Answer Stats
School City % Correct
UCLA Los Angeles, CA
94%
USC Los Angeles, CA
94%
Michigan Ann Arbor, MI
91%
Ohio State Columbus, OH
87%
Wisconsin Madison, WI
86%
Oregon Eugene, OR
84%
Nebraska Lincoln, NE
84%
Washington Seattle, WA
83%
Minnesota Minneapolis, MN
79%
Michigan State East Lansing, MI
77%
Indiana Bloomington, IN
71%
Iowa Iowa City, IA
69%
Illinois Urbana-Champaign, IL
66%
Maryland College Park, MD
65%
Purdue West Lafayette, IN
58%
Northwestern Evanston, IL
57%
Penn State State College, PA
56%
Rutgers New Brunswick, NJ
42%
No matching quizzes found
Score Distribution
Percent of People with Each Score
Percentile by Number Answered
Your Score History
You have not taken this quiz since the last reset